[Event "COL sub zt 2.3.4"]
[Site "La Dorada"]
[Date "2016.11.02"]
[Round "1"]
[White "Salazar, Diego"]
[Black "Castaneda, Jorge Luis"]
[Result "1/2-1/2"]
[WhiteElo "1832"]
[BlackElo "2166"]
[PlyCount "72"]
[EventDate "2016.11.02"]
[EventType "swiss"]
[EventRounds "9"]
[EventCountry "COL"]
[SourceTitle "CBM 175 Extra"]
[Source "ChessBase"]
[SourceDate "2016.12.12"]
[SourceVersion "1"]
[SourceVersionDate "2016.12.12"]
[SourceQuality "1"]

1. d4 Nf6 2. Nf3 c5 3. c3 e6 4. Bg5 cxd4 5. cxd4 Qa5+ 6. Bd2 Qb6 7. Nc3 Nc6 8. e3 Be7 9. Rb1 0-0 10. a3 d5 11. Bd3 Bd7 12. 0-0 Rfc8 13. b4 Qd8 14. Na4 Be8 15. Qb3 a6 16. Rfc1 b5 17. Nc5 Nd7 18. Nxd7 Bxd7 19. Rc2 Na7 20. Rbc1 Rxc2 21. Qxc2 Rc8 22. Bxh7+ Kh8 23. Qb1 Rxc1+ 24. Bxc1 g6 25. Bxg6 fxg6 26. Qxg6 Qg8 27. Qh5+ Kg7 28. e4 Qe8 29. Qh6+ Kg8 30. Ne5 Bf8 31. Qg5+ Bg7 32. Qg4 Bc8 33. h4 Kh7 34. h5 Bb7 35. h6 Bxe5 36. dxe5 Qg6 1/2-1/2

[Event "Bogota McGregor op 4th"]
[Site "Bogota"]
[Date "2013.12.08"]
[Round "8"]
[White "Guerrero, Gabriel"]
[Black "Salazar, Diego"]
[Result "1-0"]
[WhiteElo "1968"]
[BlackElo "2005"]
[PlyCount "37"]
[EventDate "2013.12.04"]
[EventType "swiss"]
[EventRounds "9"]
[EventCountry "COL"]
[SourceTitle "CBM 157 Extra"]
[Source "ChessBase"]
[SourceDate "2013.12.19"]
[SourceVersion "1"]
[SourceVersionDate "2013.12.19"]
[SourceQuality "1"]

1. d4 Nf6 2. c4 c5 3. d5 b5 4. e3 g6 5. cxb5 d6 6. Nc3 Bg7 7. Nf3 0-0 8. Be2 a6 9. a4 Nbd7 10. 0-0 axb5 11. Bxb5 Ba6 12. Bxa6 Rxa6 13. Qe2 Qa8 14. e4 Nb6 15. Qc2 Nfd7 16. h4 Rb8 17. Bg5 Bxc3 18. Qxc3 f6 19. Bf4 1-0

[Event "FRA-chT4 1011"]
[Site "Champagne Ardennes"]
[Date "2011.02.06"]
[Round "5"]
[White "Salazar, Diego"]
[Black "Sohier, Renaud"]
[Result "0-1"]
[WhiteElo "2025"]
[BlackElo "1937"]
[PlyCount "94"]
[EventDate "2010.10.10"]
[EventType "team-tourn"]
[EventRounds "7"]
[EventCountry "FRA"]
[SourceTitle "EXT 2024"]
[Source "ChessBase"]
[SourceDate "2023.10.10"]
[SourceVersion "1"]
[SourceVersionDate "2023.10.10"]
[SourceQuality "1"]

1. c4 Nf6 2. Nc3 e6 3. g3 c6 4. Bg2 d5 5. cxd5 cxd5 6. d4 Nc6 7. e3 Bb4 8. Bd2 0-0 9. Nge2 Bd7 10. a3 Bd6 11. 0-0 Na5 12. e4 dxe4 13. Nxe4 Nxe4 14. Bxe4 Rb8 15. Bc3 Qb6 16. Qd2 Nb3 17. Qg5 h6 18. Qh5 Nxa1 19. Bd2 Qb5 20. d5 exd5 21. Nd4 Qxb2 22. Bxh6 Qxd4 23. Bh7+ Kh8 24. Bf4 Bxf4 25. gxf4 Qxf4 26. Bf5+ Qh6 27. Qxh6+ gxh6 28. Bxd7 Nc2 29. a4 Rg8+ 30. Kh1 Rbd8 31. Bf5 Nd4 32. Bd3 Nf3 33. Be2 Ne5 34. f4 Ng4 35. Bf3 b6 36. h3 Ne3 37. Re1 d4 38. Be4 Rg3 39. Kh2 Rdg8 40. f5 Nc4 41. Bd5 Re3 42. Rd1 Re2+ 43. Kh1 Ne3 44. Rxd4 Nf1 45. Rg4 Rxg4 46. hxg4 Kg7 47. Bc4 Re1 0-1

[Event "FRA-chT4 1011"]
[Site "Champagne Ardennes"]
[Date "2010.12.12"]
[Round "3"]
[White "Salazar, Diego"]
[Black "Lassalle, Arnaud"]
[Result "0-1"]
[WhiteElo "2037"]
[BlackElo "2055"]
[PlyCount "68"]
[EventDate "2010.10.10"]
[EventType "team-tourn"]
[EventRounds "7"]
[EventCountry "FRA"]
[SourceTitle "EXT 2024"]
[Source "ChessBase"]
[SourceDate "2023.10.10"]
[SourceVersion "1"]
[SourceVersionDate "2023.10.10"]
[SourceQuality "1"]

1. c4 Nf6 2. Nc3 c5 3. e4 Nc6 4. f4 d6 5. Nf3 g6 6. d4 cxd4 7. Nxd4 Bg7 8. Nb3 0-0 9. Be2 Be6 10. Be3 Na5 11. Nd2 Rc8 12. Qa4 Bd7 13. Qb4 Nc6 14. Qb3 Na5 15. Qc2 Be6 16. b3 a6 17. 0-0 b5 18. f5 Bd7 19. Bd4 Nc6 20. Be3 bxc4 21. Bxc4 d5 22. exd5 Nb4 23. Qd1 Bxf5 24. a3 Nc2 25. Qe2 Nxa1 26. Rxa1 Ng4 27. Rc1 Qa5 28. Nf3 Nxe3 29. Qxe3 Qxa3 30. Ne2 Bb2 31. Rf1 Rxc4 32. Qh6 Bg7 33. Qg5 Qxb3 34. Qxe7 Re4 0-1

[Event "FRA-chT4 1011"]
[Site "Champagne Ardennes"]
[Date "2010.10.17"]
[Round "1.4"]
[White "Salazar, Diego"]
[Black "Hanot, Wilfried"]
[Result "1-0"]
[WhiteElo "2029"]
[BlackElo "1877"]
[PlyCount "105"]
[EventDate "2010.10.10"]
[EventType "team-tourn"]
[EventRounds "7"]
[EventCountry "FRA"]
[SourceTitle "EXT 2024"]
[Source "ChessBase"]
[SourceDate "2023.10.10"]
[SourceVersion "1"]
[SourceVersionDate "2023.10.10"]
[SourceQuality "1"]

1. c4 Nf6 2. d4 c5 3. d5 b5 4. Nc3 b4 5. Na4 d6 6. b3 Bd7 7. Nb2 g6 8. Nd3 Bg7 9. Bb2 Bf5 10. f3 Bxd3 11. Qxd3 Nbd7 12. f4 a5 13. e4 a4 14. bxa4 Rxa4 15. Be2 Nh5 16. Bxg7 Nxg7 17. Bd1 Ra3 18. Bb3 Nb6 19. Nf3 0-0 20. 0-0 Na4 21. Nd2 Nc3 22. Nb1 Nxb1 23. Raxb1 Qc7 24. Rb2 e6 25. Rbf2 f5 26. dxe6 Nxe6 27. Qd5 Qd7 28. Rd1 Ra6 29. e5 Rd8 30. Rfd2 Qc8 31. g3 Kf7 32. Qg2 Nd4 33. Qd5+ Ne6 34. h3 Ke7 35. Re2 dxe5 36. Qxe5 Rxd1+ 37. Bxd1 Kf7 38. Rd2 Nd4 39. Rxd4 cxd4 40. c5 Rc6 41. Bb3+ Kf8 42. Qh8+ Ke7 43. Qxh7+ Kd8 44. Qh8+ Kc7 45. Qe5+ Kb7 46. Bd5 d3 47. Kf2 Ka7 48. Bxc6 Qxc6 49. Qe7+ Ka8 50. Qd8+ Ka7 51. Qb6+ Qxb6 52. cxb6+ Kxb6 53. Ke3 1-0

[Event "Selestat op 17th"]
[Site "Selestat"]
[Date "2010.02.20"]
[Round "5"]
[White "Bellahcene, Bilel"]
[Black "Salazar, Diego"]
[Result "1-0"]
[WhiteElo "2054"]
[BlackElo "2071"]
[PlyCount "79"]
[EventDate "2010.02.18"]
[EventType "swiss"]
[EventRounds "7"]
[EventCountry "FRA"]
[SourceTitle "EXT 2012"]
[Source "ChessBase"]
[SourceDate "2011.11.24"]
[SourceVersion "1"]
[SourceVersionDate "2011.11.24"]
[SourceQuality "1"]

1. d4 d5 2. c4 e6 3. Nc3 c6 4. Nf3 f5 5. g3 Nf6 6. Bg2 Be7 7. 0-0 0-0 8. b3 Ne4 9. Qc2 Nd7 10. a4 Ndf6 11. Ba3 a5 12. Bxe7 Qxe7 13. Ne5 Nd7 14. Nd3 Ndf6 15. f3 Nxc3 16. Qxc3 Bd7 17. c5 g5 18. b4 axb4 19. Qxb4 Rfb8 20. a5 Bc8 21. Rfb1 Ra6 22. Qd2 Qg7 23. Nb4 Raa8 24. a6 bxa6 25. Nxc6 Rxb1+ 26. Rxb1 Ne8 27. Ne5 h6 28. Qa5 Qc7 29. Qa4 Kf8 30. e4 Rb8 31. Re1 Rb5 32. exf5 exf5 33. Ng6+ Kf7 34. Re7+ Qxe7 35. Nxe7 Kxe7 36. Bf1 Rb1 37. Qa2 Rc1 38. Qxd5 Be6 39. Qb7+ Kf6 40. d5 1-0

[Event "FRA-chT2 North 0607"]
[Site "France"]
[Date "2007.04.01"]
[Round "11.7"]
[White "Salazar, Diego"]
[Black "Houdayer, Jerome"]
[Result "0-1"]
[WhiteElo "2066"]
[BlackElo "1499"]
[PlyCount "125"]
[EventDate "2006.10.15"]
[EventType "team"]
[EventRounds "11"]
[EventCountry "FRA"]
[SourceTitle "EXT 2008"]
[Source "ChessBase"]
[SourceDate "2007.11.25"]
[SourceVersion "1"]
[SourceVersionDate "2007.11.25"]
[SourceQuality "1"]
[WhiteTeam "Chalons en Champagne"]
[BlackTeam "Arcueil"]
[WhiteTeamCountry "FRA"]
[BlackTeamCountry "FRA"]

1. d4 f5 2. c4 Nf6 3. Nc3 e6 4. e3 Bb4 5. a3 Bxc3+ 6. bxc3 b6 7. Nf3 d6 8. Bd3 Bb7 9. 0-0 0-0 10. a4 Nbd7 11. Ba3 Ne4 12. Qc2 Ndf6 13. Nd2 Qe8 14. Nxe4 Nxe4 15. f3 Nf6 16. Rab1 Bc6 17. a5 Ba4 18. Qa2 Kh8 19. a6 Bd7 20. e4 fxe4 21. fxe4 Qg6 22. Rf3 Nxe4 23. Rbf1 Rxf3 24. Rxf3 Qg4 25. Be2 Qg5 26. Qc2 Nf6 27. Bc1 Qh4 28. Rf4 Qe1+ 29. Bf1 e5 30. Bd2 Qa1 31. Rh4 e4 32. Bg5 Rf8 33. Rf4 Qe1 34. Rf2 Kg8 35. Re2 Qa1 36. Bh4 Bf5 37. Qb3 Kh8 38. Re1 Qxa6 39. c5 Qb7 40. cxd6 cxd6 41. Bg3 d5 42. Ra1 Ra8 43. Ba6 Qf7 44. Bb5 Bd7 45. Be2 h6 46. Be5 Ng4 47. Rf1 Qg8 48. Bd6 Ne3 49. Ra1 Bg4 50. Bb5 Qe6 51. Bf4 Nc4 52. h3 Be2 53. Bxc4 Bxc4 54. Qb2 e3 55. Be5 e2 56. Kh2 Qf5 57. Qd2 Kg8 58. Bg3 Qe4 59. Kg1 a5 60. Kh2 Rf8 61. Rg1 Rf1 62. Be1 Qb1 63. Bg3 0-1

[Event "FRA-chT2 North 0607"]
[Site "France"]
[Date "2007.03.17"]
[Round "8.7"]
[White "Salazar, Diego"]
[Black "Clofullia, Angelique"]
[Result "1/2-1/2"]
[WhiteElo "2066"]
[BlackElo "1970"]
[PlyCount "51"]
[EventDate "2006.10.15"]
[EventType "team"]
[EventRounds "11"]
[EventCountry "FRA"]
[SourceTitle "EXT 2008"]
[Source "ChessBase"]
[SourceDate "2007.11.25"]
[SourceVersion "1"]
[SourceVersionDate "2007.11.25"]
[SourceQuality "1"]
[WhiteTeam "Chalons en Champagne"]
[BlackTeam "Arras"]
[WhiteTeamCountry "FRA"]
[BlackTeamCountry "FRA"]

1. e4 c5 2. Nf3 e6 3. d4 cxd4 4. Nxd4 a6 5. Nc3 Qc7 6. f3 Nc6 7. Be3 Bb4 8. Nde2 Nf6 9. a3 Be7 10. Ng3 b5 11. Bd3 Bb7 12. 0-0 Ne5 13. Qe2 h5 14. Nh1 Ng6 15. Nf2 Bd6 16. h3 Bh2+ 17. Kh1 Bg3 18. Nfd1 Nf4 19. Qd2 g5 20. Bf2 h4 21. Ne3 N4h5 22. Rad1 Bf4 23. Kg1 Ng3 24. Ne2 Nxe2+ 25. Qxe2 0-0 26. Ng4 1/2-1/2

[Event "FRA-chT2D 0506"]
[Site "France"]
[Date "2006.04.02"]
[Round "11.7"]
[White "Sar, Frederic"]
[Black "Salazar, Diego"]
[Result "1/2-1/2"]
[WhiteElo "2137"]
[BlackElo "1950"]
[PlyCount "33"]
[EventDate "2005.10.27"]
[EventType "team-tourn"]
[EventRounds "11"]
[EventCountry "FRA"]
[SourceTitle "EXT 2006"]
[Source "ChessBase"]
[SourceDate "2005.11.24"]
[SourceVersion "1"]
[SourceVersionDate "2005.11.24"]
[SourceQuality "1"]
[WhiteTeam "Metz Fischer"]
[BlackTeam "Chalon"]
[WhiteTeamCountry "FRA"]
[BlackTeamCountry "FRA"]

1. d4 d5 2. c4 c6 3. Nc3 e6 4. Nf3 f5 5. Bf4 Nf6 6. e3 Bd6 7. Bxd6 Qxd6 8. Bd3 Ne4 9. Qc2 0-0 10. Ne5 Nd7 11. Nxd7 Bxd7 12. f4 Qe7 13. Bxe4 fxe4 14. b3 Be8 15. 0-0-0 Qb4 16. Kb2 b6 17. a3 1/2-1/2

[Event "FRA-chT2D 0506"]
[Site "France"]
[Date "2005.12.04"]
[Round "4.4"]
[White "Vallet, Marc"]
[Black "Salazar, Diego"]
[Result "1-0"]
[WhiteElo "2202"]
[BlackElo "1960"]
[PlyCount "63"]
[EventDate "2005.10.27"]
[EventType "team-tourn"]
[EventRounds "11"]
[EventCountry "FRA"]
[SourceTitle "EXT 2006"]
[Source "ChessBase"]
[SourceDate "2005.11.24"]
[SourceVersion "1"]
[SourceVersionDate "2005.11.24"]
[SourceQuality "1"]
[WhiteTeam "Lille"]
[BlackTeam "Chalon"]
[WhiteTeamCountry "FRA"]
[BlackTeamCountry "FRA"]

1. e4 b6 2. d4 Bb7 3. Bd3 d6 4. Nf3 g6 5. Qe2 Bg7 6. c3 e6 7. Nbd2 Ne7 8. Nf1 Nd7 9. Ng3 h6 10. Be3 a6 11. Nd2 g5 12. Nh5 Rg8 13. h4 Ng6 14. hxg5 hxg5 15. 0-0-0 Qe7 16. f3 e5 17. g3 a5 18. Kb1 0-0-0 19. d5 f6 20. b4 axb4 21. cxb4 Ngf8 22. Rc1 Rh8 23. Ba6 Kb8 24. Rc3 Qf7 25. g4 Kc8 26. Rhc1 Nc5 27. bxc5 dxc5 28. Bxc5 Nd7 29. Bd6 Nc5 30. Bxc5 bxc5 31. Bxb7+ Kxb7 32. Qb5+ 1-0

[Event "FRA-chT4 0102"]
[Site "Champagne Ardenne"]
[Date "2002.02.03"]
[Round "5"]
[White "Salazar, Diego"]
[Black "Ait Ammar, Salim"]
[Result "1/2-1/2"]
[WhiteElo "1870"]
[BlackElo "1720"]
[PlyCount "55"]
[EventDate "2002.10.??"]
[EventType "team"]
[EventRounds "7"]
[EventCountry "FRA"]
[SourceTitle "EXT 2005"]
[Source "ChessBase"]
[SourceDate "2004.11.15"]
[SourceVersion "1"]
[SourceVersionDate "2004.11.15"]
[SourceQuality "1"]

1. e4 e5 2. f4 exf4 3. Nf3 Ne7 4. Bc4 d5 5. exd5 Nxd5 6. 0-0 Be7 7. d4 Be6 8. Bxd5 Bxd5 9. c4 Bxc4 10. Qa4+ b5 11. Qd1 Bxf1 12. Qxf1 a6 13. Bxf4 0-0 14. Nc3 Bf6 15. Rd1 Re8 16. g4 g6 17. Ne5 Bxe5 18. dxe5 Qc8 19. Qf3 Nd7 20. Ne4 Nxe5 21. Nf6+ Kh8 22. Qh3 h5 23. Nxe8 Qxe8 24. gxh5 Kg7 25. hxg6 Nxg6 26. Qc3+ Kg8 27. Bh6 Qe5 28. Qxe5 1/2-1/2

[Event "FRA-chT4 0102"]
[Site "Champagne Ardenne"]
[Date "2001.12.09"]
[Round "3"]
[White "Salazar, Diego"]
[Black "Hellier, Yohann"]
[Result "1/2-1/2"]
[WhiteElo "1870"]
[BlackElo "1510"]
[PlyCount "73"]
[EventDate "2002.10.??"]
[EventType "team"]
[EventRounds "7"]
[EventCountry "FRA"]
[SourceTitle "EXT 2005"]
[Source "ChessBase"]
[SourceDate "2004.11.15"]
[SourceVersion "1"]
[SourceVersionDate "2004.11.15"]
[SourceQuality "1"]

1. e4 e6 2. f4 d5 3. e5 c5 4. Nf3 Bd7 5. Be2 Qb6 6. 0-0 Bb5 7. Nc3 Bxe2 8. Nxe2 Nc6 9. Kh1 0-0-0 10. c3 Nge7 11. d4 Nf5 12. g4 Nh6 13. h3 f6 14. Qc2 f5 15. Nh2 Kb8 16. Be3 g6 17. dxc5 Bxc5 18. Bxc5 Qxc5 19. Rac1 Rd7 20. Rf3 Nf7 21. Qa4 Qc4 22. Qd1 h5 23. b3 Qa6 24. gxf5 gxf5 25. Rc2 Rg8 26. Rg3 Rdd8 27. Qg1 Rxg3 28. Qxg3 Qb6 29. Qg6 d4 30. cxd4 Nxd4 31. Nxd4 Qxd4 32. Qxh5 Qe4+ 33. Rg2 Qxf4 34. Qf3 Qxe5 35. Re2 Rd1+ 36. Nf1 Qd5 37. Qxd5 1/2-1/2

[Event "FRA-chT4 0102"]
[Site "Champagne Ardenne"]
[Date "2001.10.14"]
[Round "1"]
[White "Salazar, Diego"]
[Black "Lhoest, Alain"]
[Result "1-0"]
[WhiteElo "1870"]
[BlackElo "1880"]
[PlyCount "57"]
[EventDate "2002.10.??"]
[EventType "team"]
[EventRounds "7"]
[EventCountry "FRA"]
[SourceTitle "EXT 2005"]
[Source "ChessBase"]
[SourceDate "2004.11.15"]
[SourceVersion "1"]
[SourceVersionDate "2004.11.15"]
[SourceQuality "1"]

1. e4 c5 2. f4 d6 3. Nf3 Nc6 4. b3 Bg4 5. Bb2 e6 6. Be2 Nf6 7. d3 Be7 8. 0-0 0-0 9. Nbd2 d5 10. h3 Bxf3 11. Bxf3 d4 12. g4 h6 13. Bg2 Qc7 14. a3 Rac8 15. h4 h5 16. gxh5 Nh7 17. Qe1 Nf6 18. Qe2 Kh7 19. Rae1 Rh8 20. e5 Nd5 21. Bxd5 exd5 22. Qg4 Kg8 23. Rf2 Nd8 24. f5 Kf8 25. Rg2 g6 26. fxg6 Rg8 27. g7+ Ke8 28. e6 fxe6 29. h6 1-0

[Event "FRA-chT4 0001"]
[Site "Champagne Ardenne"]
[Date "2001.02.04"]
[Round "5"]
[White "Salazar, Diego"]
[Black "Hacene, Ahmed"]
[Result "1-0"]
[WhiteElo "1830"]
[BlackElo "1930"]
[PlyCount "71"]
[EventDate "2001.10.??"]
[EventType "team"]
[EventRounds "7"]
[EventCountry "FRA"]
[SourceTitle "EXT 2005"]
[Source "ChessBase"]
[SourceDate "2004.11.15"]
[SourceVersion "1"]
[SourceVersionDate "2004.11.15"]
[SourceQuality "1"]

1. e4 d5 2. e5 e6 3. f4 c5 4. Nf3 Nc6 5. d3 Nge7 6. c3 Nf5 7. g4 Nh4 8. Be3 Nxf3+ 9. Qxf3 d4 10. Bf2 Be7 11. h4 Bd7 12. Bg2 f6 13. exf6 Bxf6 14. Qe2 Qc7 15. Bg3 g6 16. c4 0-0-0 17. 0-0 Rde8 18. Nd2 Nb4 19. Ne4 Bg7 20. a3 Na6 21. b4 e5 22. b5 Nb8 23. Qf3 h5 24. Nxc5 e4 25. Nxe4 Bxg4 26. Nd6+ Qxd6 27. Qxb7+ Kd8 28. Qxg7 Rhg8 29. Qxa7 Re3 30. Bh2 Bf5 31. c5 Qc7 32. b6 Qc8 33. Bb7 Nc6 34. Bxc8 Nxa7 35. bxa7 Kxc8 36. a8Q+ 1-0